01026naa#a2200181#i#4500001001600000005001700016011001400033100004100047102000700088200018700095210024400282215001000526608004500536675011800581700005200699700006200751856003100813RU\\bibl\11811920260428072342.2##a3033-8239##a20260401b2026####ek#y0rusy0150####ca##aRU1#aPRO ET CONTRA ЦИФРОВИЗАЦИИ ПРОФСОЮЗНОЙ ДЕЯТЕЛЬНОСТИ (НА ПРИМЕРЕ КРАСНОДАРСКОГО КРАЯ)eЖурнальная статья1#aАрмавирcАвтономная некоммерческая организация научно-исследовательский институт «Цифровая философия – Цифровой интеллект»d2026##a0 с.##aЖурнальная статья2local##aНаука в целом. Науковедение. Организация умственного труда. 001#1aСивковgСергей Михайлович#1aКрявцовgДмитрий Александрович4#aintellectualsovereignty.ru